[Event "Buenos Aires La Porta Cup"]
[Site "Buenos Aires"]
[Date "2019.03.23"]
[Round "4"]
[White "Converset, Juan Jose"]
[Black "Rodriguez, Jorge Luis"]
[Result "1-0"]
[WhiteElo "2227"]
[BlackElo "2385"]
[PlyCount "49"]
[EventDate "2019.03.20"]
[EventType "swiss"]
[EventRounds "9"]
[EventCountry "ARG"]
[SourceTitle "CBM 189 Extra"]
[Source "ChessBase"]
[SourceDate "2019.06.03"]
[SourceVersion "1"]
[SourceVersionDate "2019.06.03"]
[SourceQuality "1"]

1. e4 c5 2. Nf3 Nc6 3. Bb5 g6 4. 0-0 Bg7 5. c3 Nf6 6. d4 cxd4 7. cxd4 Nxe4 8. d5 Nd6 9. Na3 Ne5 10. Nxe5 Bxe5 11. Re1 Bf6 12. Bh6 Nf5 13. Qd2 Qb6 14. Rad1 a6 15. Bd3 Qxb2 16. Bxf5 Qxd2 17. Rxd2 gxf5 18. Nc4 Kd8 19. d6 b5 20. Nb6 Rb8 21. Nd5 Re8 22. Nxf6 exf6 23. Rxe8+ Kxe8 24. Re2+ Kd8 25. Bg7 1-0

[Event "Buenos Aires ITT del Futuro 1er"]
[Site "Buenos Aires"]
[Date "2016.08.27"]
[Round "7.2"]
[White "Spata, German"]
[Black "Converset, Juan Jose"]
[Result "1/2-1/2"]
[WhiteElo "2281"]
[BlackElo "2243"]
[PlyCount "93"]
[EventDate "2016.08.25"]
[EventType "tourn"]
[EventRounds "9"]
[EventCountry "ARG"]
[SourceTitle "EXT 2024"]
[Source "ChessBase"]
[SourceDate "2023.10.10"]
[SourceVersion "1"]
[SourceVersionDate "2023.10.10"]
[SourceQuality "1"]

1. d4 Nf6 2. c4 g6 3. Nc3 Bg7 4. e4 d6 5. Be2 0-0 6. Nf3 e5 7. Be3 Ng4 8. Bg5 f6 9. Bc1 Nc6 10. d5 Ne7 11. h3 Nh6 12. h4 Nf7 13. h5 c6 14. Qc2 cxd5 15. cxd5 a6 16. hxg6 Nxg6 17. Be3 b5 18. 0-0-0 Bd7 19. Kb1 Rc8 20. Qb3 f5 21. g3 f4 22. gxf4 exf4 23. Bd4 Nfe5 24. Nxe5 Nxe5 25. Rdg1 Qe7 26. a3 f3 27. Bf1 Rf6 28. Bh3 Bxh3 29. Rxh3 Rg6 30. Rhg3 Rxg3 31. Rxg3 h5 32. Bxe5 Qxe5 33. Rxf3 h4 34. Qd1 Rf8 35. Rxf8+ Kxf8 36. Qg4 Qf6 37. f4 a5 38. e5 dxe5 39. fxe5 Qf1+ 40. Kc2 Qf2+ 41. Kb1 Bxe5 42. Qc8+ Kg7 43. Ka2 b4 44. Qd7+ Kh6 45. Qc6+ Kg7 46. Qd7+ Kh6 47. Qc6+ 1/2-1/2

[Event "CP-2012-P-00033"]
[Site "LSS email"]
[Date "2012.10.01"]
[Round "?"]
[White "Converset, Juan Jose"]
[Black "Rodrigues, Antonio F"]
[Result "0-1"]
[WhiteElo "1921"]
[BlackElo "1829"]
[PlyCount "30"]
[EventDate "2012.10.05"]
[EventType "tourn (corr)"]
[EventRounds "6"]
[EventCountry "GER"]
[SourceTitle "Corr 2015"]
[Source "ChessBase"]
[SourceDate "2015.07.17"]
[SourceVersion "1"]
[SourceVersionDate "2015.07.17"]
[SourceQuality "1"]

1. e4 c6 2. Nc3 d5 3. Qf3 dxe4 4. Nxe4 Nf6 5. Nxf6+ exf6 6. Bc4 Bd6 7. Ne2 0-0 8. d4 c5 9. Be3 Qa5+ 10. c3 Nc6 11. Qd5 Be7 12. Qe4 f5 13. Qc2 f4 14. Bxf4 Nxd4 15. Nxd4 cxd4 0-1

[Event "SB-2012-0-00250"]
[Site "LSS email"]
[Date "2012.09.12"]
[Round "?"]
[White "Astroukh, Vitaly Sergeevich"]
[Black "Converset, Juan Jose"]
[Result "0-1"]
[WhiteElo "2032"]
[BlackElo "1921"]
[PlyCount "54"]
[EventDate "2012.08.26"]
[EventType "tourn (corr)"]
[EventRounds "6"]
[EventCountry "GER"]
[SourceTitle "Telechess CBM 161"]
[Source "ChessBase"]
[SourceDate "2014.07.16"]
[SourceVersion "1"]
[SourceVersionDate "2014.07.16"]
[SourceQuality "1"]

1. e4 e6 2. d4 d5 3. Nc3 Bb4 4. e5 c5 5. a3 Bxc3+ 6. bxc3 Ne7 7. Qg4 cxd4 8. Qxg7 Rg8 9. Qxh7 Qc7 10. Ne2 Nbc6 11. f4 Bd7 12. Qd3 dxc3 13. Nxc3 Nf5 14. Nb5 Qb8 15. Rb1 a6 16. Nd6+ Nxd6 17. exd6 Qxd6 18. Rxb7 e5 19. g3 Rg6 20. Bg2 e4 21. Qc3 d4 22. Qb2 f5 23. 0-0 Na5 24. Rb4 Nc6 25. Rb6 Qc5 26. Kh1 Be6 27. Bd2 Bd5 0-1

[Event "OP-2012-0-02345"]
[Site "LSS email"]
[Date "2012.08.09"]
[Round "?"]
[White "Leonov, Aleksandr"]
[Black "Converset, Juan Jose"]
[Result "0-1"]
[WhiteElo "1032"]
[BlackElo "2146"]
[PlyCount "40"]
[EventDate "2012.08.06"]
[EventType "tourn (corr)"]
[EventRounds "4"]
[EventCountry "GER"]
[SourceTitle "Telechess CBM 165"]
[Source "ChessBase"]
[SourceDate "2015.03.11"]
[SourceVersion "1"]
[SourceVersionDate "2015.03.11"]
[SourceQuality "1"]

1. e4 e5 2. Nc3 Nc6 3. Nf3 Nf6 4. Bc4 Nxe4 5. Bxf7+ Kxf7 6. Nxe4 d5 7. Neg5+ Kg8 8. d3 h6 9. Nh3 Bg4 10. Bd2 e4 11. dxe4 dxe4 12. c3 exf3 13. Qb3+ Kh7 14. Qc2+ g6 15. Nf4 Bf5 16. Qb3 fxg2 17. Qf7+ Bg7 18. Nxg2 Ne5 19. Qb3 Nf3+ 20. Kf1 Qd3# 0-1

[Event "OP-2012-0-02270"]
[Site "LSS email"]
[Date "2012.07.09"]
[Round "?"]
[White "Converset, Juan Jose"]
[Black "Lund, Jens Dahlen"]
[Result "1/2-1/2"]
[WhiteElo "1970"]
[BlackElo "2111"]
[PlyCount "43"]
[EventDate "2012.06.25"]
[EventType "tourn (corr)"]
[EventRounds "4"]
[EventCountry "GER"]
[SourceTitle "Telechess CBM 153"]
[Source "ChessBase"]
[SourceDate "2013.03.14"]
[SourceVersion "1"]
[SourceVersionDate "2013.03.14"]
[SourceQuality "1"]

1. e4 c5 2. Nf3 d6 3. d4 cxd4 4. Nxd4 Nf6 5. Nc3 a6 6. Bg5 Nbd7 7. Be2 e6 8. Bh5 Nb6 9. f4 Be7 10. Be2 h6 11. Bh4 Qc7 12. Nb3 Bd7 13. 0-0 0-0 14. a4 Rfd8 15. Qe1 Nc4 16. Bxc4 Qxc4 17. Rd1 e5 18. Bxf6 Bxf6 19. Nd5 Qxc2 20. Rf3 Be6 21. Rc3 Qxb2 22. Rb1 1/2-1/2

[Event "Buenos Aires Yael Torre Blanca-B"]
[Site "Buenos Aires"]
[Date "2012.07.??"]
[Round "3"]
[White "Converset, Juan Jose"]
[Black "Barrionuevo, Pablo"]
[Result "0-1"]
[WhiteElo "2228"]
[BlackElo "2318"]
[PlyCount "60"]
[EventDate "2012.07.21"]
[EventType "tourn"]
[EventRounds "9"]
[EventCountry "ARG"]
[SourceTitle "EXT 2024"]
[Source "ChessBase"]
[SourceDate "2023.10.10"]
[SourceVersion "1"]
[SourceVersionDate "2023.10.10"]
[SourceQuality "1"]

1. e4 d6 2. d4 Nf6 3. Nc3 g6 4. h3 Bg7 5. g4 d5 6. Be3 dxe4 7. Bg2 0-0 8. f3 exf3 9. Qxf3 c5 10. dxc5 Nc6 11. Rd1 Qa5 12. Nge2 Qb4 13. 0-0 Qxb2 14. Qg3 Nd7 15. Ne4 Qa3 16. Rd3 Qxa2 17. Ng5 Nf6 18. Qh4 h6 19. Ne4 Nxe4 20. Bxe4 Qe6 21. Bd5 Qe5 22. Bxh6 Qxe2 23. Bxg7 Kxg7 24. Rdf3 Ne5 25. R3f2 Qe3 26. Kg2 Qxc5 27. c4 Be6 28. Bxe6 fxe6 29. g5 Rxf2+ 30. Rxf2 Qe3 0-1

[Event "Buenos Aires Yael Torre Blanca-B"]
[Site "Buenos Aires"]
[Date "2012.07.??"]
[Round "5"]
[White "Converset, Juan Jose"]
[Black "Fabian, Gaston"]
[Result "0-1"]
[WhiteElo "2228"]
[BlackElo "2338"]
[PlyCount "120"]
[EventDate "2012.07.21"]
[EventType "tourn"]
[EventRounds "9"]
[EventCountry "ARG"]
[SourceTitle "EXT 2024"]
[Source "ChessBase"]
[SourceDate "2023.10.10"]
[SourceVersion "1"]
[SourceVersionDate "2023.10.10"]
[SourceQuality "1"]

1. e4 e5 2. Nf3 Nc6 3. Bb5 a6 4. Ba4 Nf6 5. d3 b5 6. Bb3 Bc5 7. 0-0 d6 8. a4 Rb8 9. axb5 axb5 10. c3 h6 11. d4 Bb6 12. h3 0-0 13. Re1 Bb7 14. Nh4 exd4 15. Nf5 dxc3 16. Nxc3 Ne7 17. Nxh6+ gxh6 18. Bxh6 Kh7 19. Nd5 Bxd5 20. exd5 Ng6 21. Bg5 Kg7 22. Bc2 Qd7 23. Qd3 Rbe8 24. Kh1 Rxe1+ 25. Rxe1 Re8 26. Bxf6+ Kxf6 27. Qc3+ Re5 28. f4 Nxf4 29. Rf1 Be3 30. Rf3 b4 31. Qe1 Qb5 32. Qh4+ Kg7 33. Qh7+ Kf8 34. Qh8+ Ke7 35. Qh4+ Kf8 36. Qh8+ Ke7 37. Qh4+ Kd7 38. Rxf4 Bxf4 39. Qxf4 Qxd5 40. Qxb4 Rg5 41. Be4 Qc5 42. Qd2 Re5 43. b4 Qc4 44. Bf3 Qe6 45. Kh2 f5 46. Qc3 Re1 47. Bc6+ Ke7 48. Qg7+ Qf7 49. Qh8 Rc1 50. b5 Rc5 51. Qc8 Kf6 52. Qd8+ Ke5 53. Qh8+ Qf6 54. Qh5 Ke6 55. Qe8+ Qe7 56. Qh8 d5 57. Qh6+ Qf6 58. Qd2 Qe5+ 59. Kg1 f4 60. Kh1 Qe3 0-1

[Event "Buenos Aires Yael Torre Blanca-B"]
[Site "Buenos Aires"]
[Date "2012.07.??"]
[Round "1"]
[White "Converset, Juan Jose"]
[Black "Leon, Juan Carlos"]
[Result "1/2-1/2"]
[WhiteElo "2228"]
[BlackElo "2265"]
[PlyCount "94"]
[EventDate "2012.07.21"]
[EventType "tourn"]
[EventRounds "9"]
[EventCountry "ARG"]
[SourceTitle "EXT 2024"]
[Source "ChessBase"]
[SourceDate "2023.10.10"]
[SourceVersion "1"]
[SourceVersionDate "2023.10.10"]
[SourceQuality "1"]

1. e4 c5 2. Nf3 Nc6 3. Nc3 e5 4. g3 g6 5. Bg2 Bg7 6. d3 Nge7 7. h4 h5 8. Ng5 d6 9. Be3 f6 10. Nh3 Bg4 11. f3 Be6 12. Qd2 Nd4 13. Nd1 Qd7 14. Ng1 Qa4 15. b3 Qa6 16. Ne2 d5 17. 0-0 0-0-0 18. Nc1 Qd6 19. Qf2 f5 20. Bg5 Rdf8 21. c3 Ndc6 22. Qc2 Kb8 23. a3 f4 24. Ne2 dxe4 25. fxe4 Bg4 26. gxf4 Bxe2 27. Qxe2 exf4 28. b4 Nc8 29. Rb1 cxb4 30. axb4 Bh6 31. Bxh6 Rxh6 32. d4 Qe7 33. e5 Nd8 34. Qe4 g5 35. d5 Re8 36. e6 Nd6 37. Qe5 Rg6 38. hxg5 N8f7 39. Qxf4 Nxg5 40. Kh1 Nge4 41. Bxe4 Rg4 42. Qf6 Nxe4 43. Qxe7 Ng3+ 44. Kg2 Nxf1+ 45. Kxf1 Rxe7 46. Ne3 Rf4+ 47. Ke2 Kc7 1/2-1/2

[Event "Buenos Aires Yael Torre Blanca-B"]
[Site "Buenos Aires"]
[Date "2012.07.??"]
[Round "7"]
[White "Converset, Juan Jose"]
[Black "Paveto, Kevin"]
[Result "1-0"]
[WhiteElo "2228"]
[BlackElo "2306"]
[PlyCount "121"]
[EventDate "2012.07.21"]
[EventType "tourn"]
[EventRounds "9"]
[EventCountry "ARG"]
[SourceTitle "EXT 2024"]
[Source "ChessBase"]
[SourceDate "2023.10.10"]
[SourceVersion "1"]
[SourceVersionDate "2023.10.10"]
[SourceQuality "1"]

1. e4 e5 2. Nf3 Nc6 3. Bb5 a6 4. Ba4 Nf6 5. 0-0 Nxe4 6. d4 b5 7. Bb3 d5 8. dxe5 Be6 9. Nbd2 Bc5 10. Qe1 Nxd2 11. Qxd2 0-0 12. Qc3 Qe7 13. Bg5 f6 14. exf6 gxf6 15. Be3 d4 16. Nxd4 Bxd4 17. Qxc6 Bxb3 18. Bxd4 Bc4 19. Rfe1 Qf7 20. Rad1 Rad8 21. Bc5 Rfe8 22. Rxe8+ Rxe8 23. Be3 Qh5 24. Rd2 Qe5 25. h3 Bf7 26. Rd4 Re6 27. Qc3 Rd6 28. a3 Bg6 29. Qd2 Rxd4 30. Bxd4 Qd6 31. c3 c5 32. Be3 Qxd2 33. Bxd2 Kf7 34. Be3 c4 35. Bd4 Ke6 36. f3 Bd3 37. Kf2 Bc2 38. Ke3 Bd3 39. h4 Bc2 40. Kf4 Bb1 41. g4 Bc2 42. Bb6 Bg6 43. Bd8 Be8 44. Ke3 Bc6 45. f4 f5 46. gxf5+ Kxf5 47. Bg5 Bb7 48. Kd4 Ke6 49. a4 Kd6 50. a5 Bg2 51. Bh6 Bh3 52. Bf8+ Kc6 53. Ke5 h5 54. f5 Bg2 55. Bb4 Bf3 56. Ke6 Bg4 57. Kf6 Kd7 58. Kg6 Ke8 59. f6 Be6 60. Kxh5 Bf7+ 61. Kg5 1-0

[Event "Buenos Aires Yael Torre Blanca-B"]
[Site "Buenos Aires"]
[Date "2012.07.??"]
[Round "2"]
[White "Molina, Roberto Junio Brito"]
[Black "Converset, Juan Jose"]
[Result "1/2-1/2"]
[WhiteElo "2313"]
[BlackElo "2228"]
[PlyCount "68"]
[EventDate "2012.07.21"]
[EventType "tourn"]
[EventRounds "9"]
[EventCountry "ARG"]
[SourceTitle "EXT 2024"]
[Source "ChessBase"]
[SourceDate "2023.10.10"]
[SourceVersion "1"]
[SourceVersionDate "2023.10.10"]
[SourceQuality "1"]

1. d4 Nf6 2. Nf3 g6 3. e3 Bg7 4. b3 0-0 5. Bb2 d6 6. Nbd2 Nbd7 7. Nc4 c6 8. a4 b6 9. Be2 Qc7 10. 0-0 a6 11. Re1 Bb7 12. Na3 h6 13. c4 Ne4 14. b4 f5 15. Qb3 Kh7 16. b5 Ndf6 17. Rf1 e6 18. Nc2 axb5 19. axb5 c5 20. Nce1 Rxa1 21. Bxa1 d5 22. dxc5 bxc5 23. Be5 Qa5 24. Qb2 Ra8 25. Nc2 Qa2 26. Ra1 Qxb2 27. Bxb2 Nd7 28. Rxa8 Bxa8 29. Bxg7 Kxg7 30. Na3 Kf6 31. Bd3 Nd6 32. Nd2 Nb6 33. f3 g5 34. Kf2 f4 1/2-1/2

[Event "OP-2012-0-02268"]
[Site "LSS email"]
[Date "2012.06.28"]
[Round "?"]
[White "Converset, Juan Jose"]
[Black "Lauer, Fredric"]
[Result "1-0"]
[WhiteElo "2146"]
[BlackElo "1005"]
[PlyCount "59"]
[EventDate "2012.06.24"]
[EventType "tourn (corr)"]
[EventRounds "4"]
[EventCountry "GER"]
[SourceTitle "Telechess CBM 165"]
[Source "ChessBase"]
[SourceDate "2015.03.11"]
[SourceVersion "1"]
[SourceVersionDate "2015.03.11"]
[SourceQuality "1"]

1. e4 Nc6 2. d4 d5 3. Nc3 e6 4. Nf3 dxe4 5. Nxe4 Nf6 6. Bg5 Be7 7. Bxf6 Bxf6 8. Bb5 0-0 9. 0-0 Bd7 10. Re1 a6 11. Bf1 Qe7 12. c3 Rad8 13. Qc2 g6 14. Nxf6+ Qxf6 15. a4 Rfe8 16. b4 Qf5 17. Bd3 Qf6 18. b5 Nb8 19. Qe2 axb5 20. axb5 c6 21. Ne5 cxb5 22. Ng4 Qg7 23. Bxb5 Bxb5 24. Qxb5 Nd7 25. Ra7 h5 26. Ne3 e5 27. d5 f5 28. Rxb7 Qe7 29. d6 Qxd6 30. Rd1 1-0

[Event "Buenos Aires Grafica Yael-B 2nd"]
[Site "Buenos Aires"]
[Date "2011.07.16"]
[Round "4"]
[White "Converset, Juan Jose"]
[Black "Fabian, Gaston"]
[Result "1/2-1/2"]
[WhiteElo "2228"]
[BlackElo "2317"]
[PlyCount "49"]
[EventDate "2011.07.13"]
[EventType "tourn"]
[EventRounds "9"]
[EventCountry "ARG"]
[EventCategory "3"]
[SourceTitle "EXT 2014"]
[Source "ChessBase"]
[SourceDate "2013.11.20"]
[SourceVersion "1"]
[SourceVersionDate "2013.11.20"]
[SourceQuality "1"]

1. e4 c5 2. Nf3 d6 3. d4 cxd4 4. Nxd4 Nf6 5. Nc3 a6 6. Bg5 e6 7. f4 h6 8. Bh4 Be7 9. Qf3 Nbd7 10. 0-0-0 Qc7 11. Bd3 g5 12. fxg5 Ne5 13. Qe2 Nfg4 14. Nf3 hxg5 15. Bg3 Nxf3 16. Qxf3 Ne5 17. Bxe5 dxe5 18. Rdf1 Rh7 19. h4 gxh4 20. Qg4 Rh8 21. g3 Bd7 22. gxh4 0-0-0 23. Rxf7 Rdg8 24. Rg7 Rxg7 25. Qxg7 1/2-1/2

[Event "Buenos Aires Grafica Yael-B 2nd"]
[Site "Buenos Aires"]
[Date "2011.07.13"]
[Round "1"]
[White "Converset, Juan Jose"]
[Black "Mayorga, Nicolas"]
[Result "0-1"]
[WhiteElo "2228"]
[BlackElo "2330"]
[PlyCount "60"]
[EventDate "2011.07.13"]
[EventType "tourn"]
[EventRounds "9"]
[EventCountry "ARG"]
[EventCategory "3"]
[SourceTitle "EXT 2014"]
[Source "ChessBase"]
[SourceDate "2013.11.20"]
[SourceVersion "1"]
[SourceVersionDate "2013.11.20"]
[SourceQuality "1"]

1. e4 c5 2. Nf3 d6 3. d4 cxd4 4. Nxd4 Nf6 5. Nc3 a6 6. Bg5 e6 7. Qf3 h6 8. Bh4 Nbd7 9. 0-0-0 Qc7 10. Be2 Ne5 11. Qe3 Be7 12. f4 Ng6 13. Bg3 b5 14. a3 Rb8 15. h4 b4 16. axb4 Rxb4 17. e5 dxe5 18. fxe5 Nd7 19. Nd5 exd5 20. e6 Nde5 21. exf7+ Kxf7 22. Rdf1+ Kg8 23. Bh5 Bd6 24. Bxe5 Nxe5 25. Nf5 Bxf5 26. Rxf5 Kh7 27. Rxe5 Bxe5 28. Qd3+ Re4 29. Bf3 Bxb2+ 30. Kxb2 Rb8+ 0-1

[Event "LNA Puma Cup"]
[Site "Argentina"]
[Date "2007.09.22"]
[Round "7"]
[White "Orozco, Gustavo"]
[Black "Converset, Juan Jose"]
[Result "0-1"]
[WhiteElo "2239"]
[BlackElo "2243"]
[PlyCount "64"]
[EventDate "2007.08.11"]
[EventType "team"]
[EventRounds "9"]
[EventCountry "ARG"]
[SourceTitle "CBM 120 Extra"]
[Source "ChessBase"]
[SourceDate "2007.11.01"]
[SourceVersion "1"]
[SourceVersionDate "2007.11.01"]
[SourceQuality "1"]

1. d4 Nf6 2. Nf3 g6 3. c4 Bg7 4. Nc3 0-0 5. e4 d6 6. Be2 e5 7. 0-0 Nc6 8. d5 Ne7 9. Ne1 Nd7 10. Be3 f5 11. f3 f4 12. Bf2 g5 13. b4 Ng6 14. c5 Nf6 15. a4 Rf7 16. a5 h5 17. b5 g4 18. b6 g3 19. hxg3 fxg3 20. Bxg3 axb6 21. axb6 Rxa1 22. Qxa1 cxb6 23. cxd6 h4 24. Bf2 Nh5 25. Qb2 Ngf4 26. Qxb6 Qg5 27. Be3 Ng3 28. Bxf4 exf4 29. Qc5 Bd7 30. Bd1 h3 31. e5 h2+ 32. Kf2 Qxe5 0-1